<?xml version="1.0" encoding="UTF-8"?>
<record
    xmlns:xsi="http://www.w3.org/2001/XMLSchema-instance"
    xsi:schemaLocation="http://www.loc.gov/MARC21/slim http://www.loc.gov/standards/marcxml/schema/MARC21slim.xsd"
    xmlns="http://www.loc.gov/MARC21/slim">

  <leader>01367    a2200241   4500</leader>
  <controlfield tag="003">Nust</controlfield>
  <controlfield tag="005">20221223113932.0</controlfield>
  <datafield tag="010" ind1=" " ind2=" ">
    <subfield code="a">   86062918</subfield>
  </datafield>
  <datafield tag="020" ind1=" " ind2=" ">
    <subfield code="a">0672224992 (pbk.) :</subfield>
  </datafield>
  <datafield tag="040" ind1=" " ind2=" ">
    <subfield code="c">Nust</subfield>
  </datafield>
  <datafield tag="082" ind1="0" ind2="0">
    <subfield code="a">621.388,GRA</subfield>
  </datafield>
  <datafield tag="100" ind1="1" ind2=" ">
    <subfield code="a">Graf, Rudolf F.</subfield>
    <subfield code="9">63715</subfield>
  </datafield>
  <datafield tag="245" ind1="1" ind2="0">
    <subfield code="a">Video scrambling &amp; descrambling for satellite &amp; cable TV /</subfield>
    <subfield code="c">Rudolf F. Graf &amp; William Sheets.</subfield>
  </datafield>
  <datafield tag="250" ind1=" " ind2=" ">
    <subfield code="a">1st ed.</subfield>
  </datafield>
  <datafield tag="260" ind1=" " ind2=" ">
    <subfield code="a">Indianapolis, IN, USA :</subfield>
    <subfield code="b">H.W. Sams,</subfield>
    <subfield code="c">c1987.</subfield>
  </datafield>
  <datafield tag="300" ind1=" " ind2=" ">
    <subfield code="a">vii, 246 p. :</subfield>
    <subfield code="b">ill. ;</subfield>
    <subfield code="c">28 cm.</subfield>
  </datafield>
  <datafield tag="505" ind1=" " ind2=" ">
    <subfield code="a">Introduction (Page-1), More Scrambling Systems and Future Possibilities (Page-9), Scrambling/Descrambling Techniques (Page-17), The SSAVI Systems (Page-33), Advanced Scrambling Methods (Page-41), Political Legal and Consumer Aspects (Page-49), Digitizing Audio and Video Signals (Page-55),Cable and Satellite Decoder Circuitry (Page-65), Commercial Satellite Encryption Sys (Page-91), Satellite TV and Interference (Page-97), Data Encryption Standard  (Page-103), Manufactures Data Sheets (Page-119), U.S Patents and Scrambling Sys (Page-157), Technical Data (Page-209).</subfield>
  </datafield>
  <datafield tag="650" ind1=" " ind2="0">
    <subfield code="a">Cable television</subfield>
    <subfield code="x">Scrambling systems.</subfield>
    <subfield code="9">105748</subfield>
  </datafield>
  <datafield tag="650" ind1=" " ind2="0">
    <subfield code="a">Direct broadcast satellite television</subfield>
    <subfield code="x">Scrambling systems.</subfield>
    <subfield code="9">105749</subfield>
  </datafield>
  <datafield tag="700" ind1="1" ind2=" ">
    <subfield code="a">Sheets, William.</subfield>
    <subfield code="9">103706</subfield>
  </datafield>
  <datafield tag="740" ind1="0" ind2=" ">
    <subfield code="a">Video scrambling and descrambling for satellite &amp; cable TV.</subfield>
  </datafield>
  <datafield tag="942" ind1=" " ind2=" ">
    <subfield code="2">ddc</subfield>
    <subfield code="c">BK</subfield>
  </datafield>
  <datafield tag="999" ind1=" " ind2=" ">
    <subfield code="c">183284</subfield>
    <subfield code="d">183284</subfield>
  </datafield>
  <datafield tag="952" ind1=" " ind2=" ">
    <subfield code="0">0</subfield>
    <subfield code="1">0</subfield>
    <subfield code="2">ddc</subfield>
    <subfield code="4">0</subfield>
    <subfield code="7">0</subfield>
    <subfield code="a">MCS</subfield>
    <subfield code="b">MCS</subfield>
    <subfield code="c">GEN</subfield>
    <subfield code="d">2016-12-12</subfield>
    <subfield code="o">621.388,GRA</subfield>
    <subfield code="p">MCS27445</subfield>
    <subfield code="r">2016-12-08</subfield>
    <subfield code="w">2016-12-12</subfield>
    <subfield code="y">BK</subfield>
    <subfield code="z">Almirah No.39, Shelf No.4</subfield>
  </datafield>
</record>
